[Event "8th PKWN Festival it"]
[Site "Lublin POL"]
[Date "1972.07.06"]
[Round "1"]
[White "Doda, Zbigniew"]
[WhiteElo "2390"]
[Black "Gipslis, Aivars"]
[BlackElo "2560"]
[Result "1/2-1/2"]
[EventDate "1972.07.06"]
[PlyCount "36"]

1.Nf3 Nf6 2.c4 c5 3.Nc3 e6 4.g3 b6 5.Bg2 Bb7 6.O-O Be7 7.d4 cxd4 8.Qxd4
Nc6 9.Qf4 O-O 10.Rd1 Qb8 11.Qxb8 Raxb8 12.Bf4 Rbc8 13.Bd6 Bxd6 14.Rxd6 Ne7
15.Nd2 Ba6 16.Nde4 Nxe4 17.Bxe4 Rc7 18.Rad1 Rd8 1/2-1/2

[Event "8th PKWN Festival it"]
[Site "Lublin POL"]
[Date "1972.07.06"]
[Round "1"]
[White "Giorgadze, Tamaz"]
[WhiteElo "2420"]
[Black "Vogt, Lothar"]
[BlackElo "2400"]
[Result "0-1"]
[EventDate "1972.07.06"]
[PlyCount "72"]

1.e4 e5 2.Nf3 Nc6 3.Bb5 a6 4.Bxc6 dxc6 5.O-O Qd6 6.d4 exd4 7.Nxd4 Bd7 8.
Be3 Qg6 9.Nd2 O-O-O 10.Qe2 h5 11.c3 Nf6 12.f3 h4 13.Nc4 c5 14.Nb3 Qh5 15.
Bf4 Be7 16.Rfd1 g5 17.Be5 g4 18.f4 Rhe8 19.Bxf6 Bxf6 20.e5 Be7 21.Qe3 Be6
22.Ncd2 h3 23.g3 b6 24.Qe2 Kb7 25.Nf1 Bd5 26.Nbd2 c4 27.Ne3 Bc5 28.Kf1
Bxe3 29.Qxe3 Qg6 30.Kf2 Ka7 31.Kg1 Bb7 32.Nf1 Qc6 33.Kf2 Qh1 34.Rxd8 Rxd8
35.Qe2 Rd3 36.Qxg4 Rf3+ 0-1

[Event "8th PKWN Festival it"]
[Site "Lublin POL"]
[Date "1972.07.06"]
[Round "1"]
[White "Liebert, Heinz"]
[WhiteElo "2400"]
[Black "Schmidt, Wlodzimierz"]
[BlackElo "2450"]
[Result "1/2-1/2"]
[EventDate "1972.07.06"]
[PlyCount "44"]

1.c4 g6 2.Nf3 c5 3.d4 cxd4 4.Nxd4 Nc6 5.e4 Nf6 6.Nc3 Nxd4 7.Qxd4 d6 8.Be3
Bg7 9.f3 O-O 10.Qd2 Qa5 11.Rc1 Be6 12.Nd5 Qxa2 13.Nxe7+ Kh8 14.Be2 Ng8 15.
Nxg8 Kxg8 16.Bd4 Bxd4 17.Qxd4 Qa5+ 18.Kf2 Qe5 19.Rhd1 Qxh2 20.Qxd6 Qh4+
21.Qg3 Qxg3+ 22.Kxg3 Rfd8 {1:15-0:55} 1/2-1/2

[Event "8th PKWN Festival it"]
[Site "Lublin POL"]
[Date "1972.07.06"]
[Round "1"]
[White "Pytel, Krzysztof"]
[WhiteElo "2380"]
[Black "Ungureanu, Emil"]
[BlackElo "2410"]
[Result "1/2-1/2"]
[EventDate "1972.07.06"]
[PlyCount "58"]

1.d4 Nf6 2.c4 c5 3.d5 b5 4.cxb5 a6 5.bxa6 e6 6.Nc3 Nxd5 7.Nxd5 exd5 8.Qxd5
Nc6 9.e3 Be7 10.Bc4 O-O 11.Nf3 Bxa6 12.Bd2 Qb6 13.O-O Qxb2 14.Bxa6 Rxa6
15.a4 Bf6 16.Qxc5 Qxa1 17.Rxa1 Bxa1 18.a5 Rfa8 19.Qf5 Bf6 20.Qxd7 Nxa5 21.
Bxa5 Rxa5 22.g4 h5 23.h3 hxg4 24.hxg4 R5a7 25.Qc6 Ra6 26.Qc7 R6a7 27.Qg3
g6 28.Kg2 Ra2 29.Qf4 Kg7 1/2-1/2

[Event "8th PKWN Festival it"]
[Site "Lublin POL"]
[Date "1972.07.06"]
[Round "1"]
[White "Sznapik, Aleksander"]
[WhiteElo "2365"]
[Black "Mikenas, Vladas"]
[BlackElo "2410"]
[Result "1/2-1/2"]
[EventDate "1972.07.06"]
[PlyCount "153"]

1.e4 e6 2.d3 d5 3.Nd2 c5 4.Ngf3 Nc6 5.g3 Bd6 6.Bg2 Nge7 7.O-O O-O 8.Re1
Bc7 9.c3 Ng6 10.h4 f5 11.h5 Nge5 12.exd5 exd5 13.Nxe5 Nxe5 14.Nf3 Nf7 15.
Bf4 Bxf4 16.gxf4 b6 17.Ne5 Bb7 18.Qf3 Nd6 19.Qh3 Qc7 20.Re3 Rf6 21.Rg3 Rh6
22.Qh4 Re8 23.Qg5 Ree6 24.Rd1 Qe7 25.c4 Qxg5 26.Rxg5 d4 27.Bxb7 Nxb7 28.
Rxf5 Nd6 29.Rg5 Rhf6 30.Rg4 Rf5 31.Rh4 Nf7 32.Nf3 Ref6 33.Re1 Kf8 34.Ne5
Nxe5 35.fxe5 Rg5+ 36.Kf1 Rf3 37.e6 Ke7 38.Ree4 Rf6 39.f4 Rg3 40.Kf2 Rxd3
41.Rg4 Rxe6 42.Rxg7+ Kf6 43.Rxe6+ Kxg7 44.Re7+ Kh6 45.Rxa7 Rd2+ 46.Kf3
Rxb2 47.Rb7 Kxh5 48.Rxh7+ Kg6 49.Rd7 Rxa2 50.Ke4 Re2+ 51.Kd5 Kf5 52.Rf7+
Kg4 53.f5 d3 54.Kc6 Re4 55.Rd7 Rd4 56.Rxd4+ cxd4 57.f6 d2 58.f7 d1=Q 59.
f8=Q d3 60.Qg7+ Kf3 61.Qf6+ Ke4 62.Qe7+ Kd4 63.Qb4 Qc2 64.c5+ Ke5 65.Qe1+
Kf5 66.Qf1+ Kg6 67.Kxb6 Qb2+ 68.Ka6 Qa3+ 69.Kb6 Qb4+ 70.Ka6 Qa4+ 71.Kb6
Qb3+ 72.Ka6 Qa3+ 73.Kb6 Qb2+ 74.Ka6 d2 75.c6 Qc1 76.Qd3+ Kh5 77.Qd5+
1/2-1/2

[Event "8th PKWN Festival it"]
[Site "Lublin POL"]
[Date "1972.07.07"]
[Round "2"]
[White "Alburt, Lev"]
[WhiteElo "2450"]
[Black "Doda, Zbigniew"]
[BlackElo "2390"]
[Result "1/2-1/2"]
[EventDate "1972.07.06"]
[PlyCount "34"]

1.d4 Nf6 2.Nc3 d5 3.Bg5 c6 4.Qd3 Nbd7 5.e4 dxe4 6.Nxe4 Nxe4 7.Qxe4 Nf6 8.
Bxf6 gxf6 9.Bc4 Qa5+ 10.c3 Bf5 11.Qf4 Bg6 12.Nf3 Bg7 13.O-O O-O 14.Rfe1 e6
15.Nh4 c5 16.dxc5 Qxc5 17.Nxg6 hxg6 1/2-1/2

[Event "8th PKWN Festival it"]
[Site "Lublin POL"]
[Date "1972.07.07"]
[Round "2"]
[White "Gipslis, Aivars"]
[WhiteElo "2560"]
[Black "Plachetka, Jan"]
[BlackElo "2380"]
[Result "1-0"]
[EventDate "1972.07.06"]
[PlyCount "91"]

1.e4 e5 2.Nf3 Nc6 3.Bb5 a6 4.Bxc6 dxc6 5.O-O f6 6.d4 Bg4 7.c3 Bd6 8.dxe5
fxe5 9.Qb3 Bxf3 10.gxf3 Qc8 11.Be3 Ne7 12.Nd2 Qh3 13.Qxb7 O-O 14.Qb3+ Kh8
15.Qd1 Ng6 16.Kh1 Nh4 17.Rg1 Nxf3 18.Nxf3 Rxf3 19.Rg2 Rb8 20.Qe2 Rff8 21.
b3 Qf3 22.Qxf3 Rxf3 23.Rgg1 Kg8 24.Rad1 a5 25.Kg2 Rff8 26.Kf1 c5 27.Ke2 a4
28.Rb1 axb3 29.axb3 Ra8 30.Rb2 c4 31.bxc4 Ra4 32.c5 Be7 33.Rb7 Rc8 34.Kd3
Rd8+ 35.Kc2 Rc8 36.Rd1 Rxe4 37.Rd7 Bd8 38.Rb4 Rxb4 39.cxb4 c6 40.Kb3 Bf6
41.Kc4 Kf8 42.b5 cxb5+ 43.Kxb5 Rb8+ 44.Ka6 Ke8 45.c6 Rb2 46.Rd2 1-0

[Event "8th PKWN Festival it"]
[Site "Lublin POL"]
[Date "1972.07.07"]
[Round "2"]
[White "Mikenas, Vladas"]
[WhiteElo "2410"]
[Black "Liebert, Heinz"]
[BlackElo "2400"]
[Result "1/2-1/2"]
[EventDate "1972.07.06"]
[PlyCount "95"]

1.d4 Nf6 2.c4 e6 3.g3 d5 4.Bg2 Be7 5.Nf3 O-O 6.O-O dxc4 7.Nbd2 b5 8.a4 c6
9.e4 Nbd7 10.e5 Nd5 11.Ne4 N7b6 12.a5 Na4 13.b3 cxb3 14.Qxb3 Qxa5 15.Ba3
Qd8 16.Bxe7 Qxe7 17.Nfd2 Bd7 18.Nd6 Rfd8 19.Qa3 Nac3 20.Nb3 Be8 21.Qb2 Na4
22.Qd2 Rxd6 23.exd6 Qxd6 24.Rfc1 h6 25.Nc5 Nxc5 26.dxc5 Qe7 27.Ra6 Rb8 28.
Qa5 Rb7 29.Bxd5 exd5 30.Re1 Qd7 31.Ra1 Kh7 32.Rxa7 Rxa7 33.Qxa7 Qf5 34.Qc7
Bd7 35.Re1 Be6 36.Qxc6 b4 37.Qb7 Qf3 38.Re3 Qd1+ 39.Kg2 Bf5 40.Qxb4 d4 41.
Re1 Qd3 42.Qb7 Qc4 43.Re5 g6 44.g4 Bc2 45.f3 Bb3 46.Qe4 Qc3 47.c6 d3 48.
Rd5 {3:08-2:59} 1/2-1/2

[Event "8th PKWN Festival it"]
[Site "Lublin POL"]
[Date "1972.07.07"]
[Round "2"]
[White "Vogt, Lothar"]
[WhiteElo "2400"]
[Black "Peev, Peicho"]
[BlackElo "2425"]
[Result "1-0"]
[EventDate "1972.07.06"]
[PlyCount "80"]

1.e4 c5 2.Nf3 e6 3.d3 Nc6 4.g3 d5 5.Nbd2 Nf6 6.Bg2 Be7 7.O-O dxe4 8.dxe4
e5 9.c3 O-O 10.Qe2 Re8 11.Nc4 Bf8 12.Rd1 Qe7 13.Ne3 h6 14.Nd5 Qd8 15.h3
Rb8 16.g4 Nh7 17.Be3 b5 18.b4 Be6 19.bxc5 Qa5 20.a3 Qa4 21.Nd2 Rec8 22.
Rdb1 Na5 23.Rb4 Qc2 24.Rxb5 Nb3 25.Rxb8 Rxb8 26.Re1 Nxc5 27.Nc4 Qa4 28.
Nxe5 Qxa3 29.Qc4 Rc8 30.Qd4 Qa6 31.c4 Qd6 32.f4 Rd8 33.Nd3 Nxd3 34.Qxd3 a5
35.e5 Qb8 36.Be4 Ng5 37.fxg5 Qxe5 38.Bb6 Qxg5 39.Bxd8 Qxd8 40.Nf4 Qh4 1-0

[Event "8th PKWN Festival it"]
[Site "Lublin POL"]
[Date "1972.07.08"]
[Round "3"]
[White "Liebert, Heinz"]
[WhiteElo "2400"]
[Black "Giorgadze, Tamaz"]
[BlackElo "2420"]
[Result "1/2-1/2"]
[EventDate "1972.07.06"]
[PlyCount "33"]

1.Nf3 Nf6 2.g3 g6 3.b3 Bg7 4.Bb2 c5 5.c4 Nc6 6.Bg2 O-O 7.O-O d6 8.e3 e5 9.
Nc3 Bf5 10.d4 exd4 11.exd4 Re8 12.dxc5 dxc5 13.Qxd8 Raxd8 14.Rad1 Nb4 15.
Nh4 Rxd1 16.Rxd1 Bg4 17.Nf3 {1:30-1:10} 1/2-1/2

[Event "8th PKWN Festival it"]
[Site "Lublin POL"]
[Date "1972.07.08"]
[Round "3"]
[White "Pytel, Krzysztof"]
[WhiteElo "2380"]
[Black "Mikenas, Vladas"]
[BlackElo "2410"]
[Result "1/2-1/2"]
[EventDate "1972.07.06"]
[PlyCount "35"]

1.b3 e5 2.Bb2 Nc6 3.e3 Nf6 4.Bb5 d6 5.d4 Bd7 6.Ne2 exd4 7.Nxd4 Nxd4 8.
Bxd7+ Qxd7 9.Qxd4 Be7 10.Nc3 Qc6 11.e4 Qb6 12.Qxb6 axb6 13.Nd5 Nxd5 14.
exd5 b5 15.g3 O-O 16.Kd2 c6 17.Rhe1 Bd8 18.a4 1/2-1/2

[Event "8th PKWN Festival it"]
[Site "Lublin POL"]
[Date "1972.07.08"]
[Round "3"]
[White "Sznapik, Aleksander"]
[WhiteElo "2365"]
[Black "Vogt, Lothar"]
[BlackElo "2400"]
[Result "1-0"]
[EventDate "1972.07.06"]
[PlyCount "81"]

1.e4 e5 2.Nf3 Nc6 3.Bb5 a6 4.Ba4 Nf6 5.O-O Be7 6.Re1 b5 7.Bb3 d6 8.c3 O-O
9.h3 Nb8 10.d4 Nbd7 11.Nbd2 Bb7 12.Bc2 Re8 13.Nf1 Bf8 14.Ng3 g6 15.Bg5 h6
16.Bd2 Bg7 17.a4 c5 18.d5 c4 19.Nh2 Kh7 20.Ngf1 Nc5 21.Qf3 Qd7 22.Ne3 Reb8
23.a5 Rf8 24.g4 Bc8 25.Kh1 Qe7 26.Rg1 Ng8 27.Rg3 Bd7 28.Rag1 Qf6 29.Nf5 g5
30.h4 Qd8 31.hxg5 hxg5 32.Rh3+ Kg6 33.Nxd6 Nh6 34.Be3 Nb3 35.Bxb3 cxb3 36.
Bb6 Qb8 37.Nf5 f6 38.Nf1 Rh8 39.Nxh6 Bxh6 40.Kg2 Qd6 41.Rgh1 1-0

[Event "8th PKWN Festival it"]
[Site "Lublin POL"]
[Date "1972.07.09"]
[Round "4"]
[White "Alburt, Lev"]
[WhiteElo "2450"]
[Black "Bednarski, Jacek"]
[BlackElo "2395"]
[Result "1/2-1/2"]
[EventDate "1972.07.06"]
[PlyCount "56"]

1.e4 e6 2.d4 d5 3.Nd2 Nf6 4.e5 Ne4 5.Bd3 Nxd2 6.Bxd2 c5 7.dxc5 Nd7 8.Nf3
Nxc5 9.O-O Bd7 10.Be3 Be7 11.Bxc5 Bxc5 12.c3 O-O 13.Qc2 h6 14.Qd2 a5 15.
Rad1 Bc6 16.Bb1 Qc7 17.Rfe1 Rae8 18.Qc2 g6 19.Nd4 f5 20.Qd2 Kg7 21.Qe3 Qb6
22.b3 Bd7 23.h4 Rc8 24.Qg3 Bxd4 25.Rxd4 Rc5 26.Red1 Be8 27.c4 dxc4 28.Rd6
Rc6 1/2-1/2

[Event "8th PKWN Festival it"]
[Site "Lublin POL"]
[Date "1972.07.09"]
[Round "4"]
[White "Giorgadze, Tamaz"]
[WhiteElo "2420"]
[Black "Pytel, Krzysztof"]
[BlackElo "2380"]
[Result "0-1"]
[EventDate "1972.07.06"]
[PlyCount "40"]

1.e4 c5 2.Nf3 d6 3.d4 cxd4 4.Nxd4 Nf6 5.Nc3 a6 6.Bg5 e6 7.f4 Be7 8.Qf3 Qc7
9.O-O-O Nbd7 10.g4 b5 11.Bxf6 Nxf6 12.g5 Nd7 13.a3 Rb8 14.h4 b4 15.axb4
Rxb4 16.Bh3 Qc5 17.Nxe6 fxe6 18.Bxe6 Nb6 19.Qh5+ g6 20.Qg4 Qe3+ 0-1

[Event "8th PKWN Festival it"]
[Site "Lublin POL"]
[Date "1972.07.09"]
[Round "4"]
[White "Sznapik, Aleksander"]
[WhiteElo "2365"]
[Black "Liebert, Heinz"]
[BlackElo "2400"]
[Result "1/2-1/2"]
[EventDate "1972.07.06"]
[PlyCount "33"]

1.e4 e6 2.d4 d5 3.Nc3 Bb4 4.e5 Ne7 5.Nf3 c5 6.a3 Ba5 7.Bd2 cxd4 8.Nb5
Bxd2+ 9.Qxd2 O-O 10.Nbxd4 Nbc6 11.Bd3 Nxd4 12.Nxd4 Nc6 13.Nf3 f6 14.exf6
Qxf6 15.c4 Ne5 16.Nxe5 Qxe5+ 17.Qe2 {1:12-1:20} 1/2-1/2

[Event "8th PKWN Festival it"]
[Site "Lublin POL"]
[Date "1972.07.09"]
[Round "4"]
[White "Ungureanu, Emil"]
[WhiteElo "2410"]
[Black "Plachetka, Jan"]
[BlackElo "2380"]
[Result "0-1"]
[EventDate "1972.07.06"]
[PlyCount "76"]

1.d4 Nf6 2.c4 e6 3.Nc3 Bb4 4.e3 c5 5.Bd3 d5 6.a3 Bxc3+ 7.bxc3 dxc4 8.Bxc4
O-O 9.Nf3 Nc6 10.O-O Qe7 11.Qc2 e5 12.dxe5 Nxe5 13.Nxe5 Qxe5 14.Bd3 Bd7
15.Re1 Ba4 16.Qb2 Rad8 17.Be2 c4 18.f4 Qc7 19.Bf3 Bc6 20.Rb1 Ne4 21.Qb4 b5
22.Bxe4 Bxe4 23.Rb2 Rd5 24.Rd2 Rxd2 25.Bxd2 Qd7 26.Bc1 Rd8 27.h3 h6 28.a4
bxa4 29.Qxc4 Qb7 30.Kh2 Bxg2 31.e4 Bf3 32.Qxa4 Qb6 33.Qc2 Rd3 34.c4 Qd4
35.Qb2 Qxc4 36.Rg1 Rc3 37.Qf2 Rc2 38.Bd2 Qd3 0-1

[Event "8th PKWN Festival it"]
[Site "Lublin POL"]
[Date "1972.07.10"]
[Round "5"]
[White "Bednarski, Jacek"]
[WhiteElo "2395"]
[Black "Ungureanu, Emil"]
[BlackElo "2410"]
[Result "1-0"]
[EventDate "1972.07.06"]
[PlyCount "51"]

1.e4 c5 2.Nf3 Nc6 3.d4 cxd4 4.Nxd4 Nf6 5.Nc3 d6 6.Bc4 e6 7.Be3 a6 8.Bb3
Qc7 9.f4 Na5 10.f5 e5 11.Nde2 Nxb3 12.axb3 Qc6 13.Qd3 b5 14.Nd5 Nd7 15.Qc3
Qxc3+ 16.Nexc3 Rb8 17.Ba7 Bb7 18.Bxb8 Nxb8 19.O-O Be7 20.f6 Bd8 21.fxg7
Rg8 22.Nf6+ Bxf6 23.Rxf6 Ke7 24.Rh6 Rxg7 25.Rd1 Rg6 26.Rxh7 1-0

[Event "8th PKWN Festival it"]
[Site "Lublin POL"]
[Date "1972.07.10"]
[Round "5"]
[White "Doda, Zbigniew"]
[WhiteElo "2390"]
[Black "Mikenas, Vladas"]
[BlackElo "2410"]
[Result "0-1"]
[EventDate "1972.07.06"]
[PlyCount "124"]

1.Nf3 d5 2.g3 g6 3.Bg2 Bg7 4.O-O e5 5.d3 Ne7 6.Nbd2 O-O 7.e4 c6 8.Re1 Qc7
9.b4 a5 10.bxa5 Rxa5 11.Bb2 d4 12.c3 c5 13.cxd4 cxd4 14.a4 Nbc6 15.Ba3 Ra6
16.Nc4 Rd8 17.Qb3 Bh6 18.Qb5 f6 19.Rab1 Be6 20.Qxb7 Qxb7 21.Rxb7 Bf8 22.
Rc1 Rxa4 23.Nfd2 Rda8 24.Bd6 Ra1 25.Rbb1 Rxb1 26.Rxb1 Bh6 27.Nb6 Ra2 28.
Ndc4 Nc8 29.Nd5 Bg7 30.Bc5 Na5 31.Nd6 Nb3 32.Bb4 Nxd6 33.Bxd6 Bd7 34.h4
Ra1 35.Rxa1 Nxa1 36.Bf3 Nb3 37.Nc7 Ba4 38.Bg4 Bf8 39.Be6+ Kg7 40.Bxf8+
Kxf8 41.Bxb3 Bxb3 42.Kf1 Ke7 43.Ke2 Kd7 44.Na6 Kc6 45.Kd2 g5 46.Kc1 Kb5
47.Nc7+ Kb4 48.Kd2 gxh4 49.gxh4 Bf7 50.Ke2 Kc5 51.f4 Kb6 52.Nd5+ Bxd5 53.
exd5 Kc5 54.fxe5 fxe5 55.h5 h6 56.Kf2 Kxd5 57.Kf3 Ke6 58.Kg3 Kf5 59.Kf3
Kg5 60.Ke4 Kf6 61.Kd5 Kf5 62.Kc5 Kf4 0-1

[Event "8th PKWN Festival it"]
[Site "Lublin POL"]
[Date "1972.07.10"]
[Round "5"]
[White "Liebert, Heinz"]
[WhiteElo "2400"]
[Black "Vogt, Lothar"]
[BlackElo "2400"]
[Result "1/2-1/2"]
[EventDate "1972.07.06"]
[PlyCount "34"]

1.d4 Nf6 2.Nf3 e6 3.c4 b6 4.Nc3 Bb7 5.e3 Be7 6.Be2 O-O 7.O-O Ne4 8.Nxe4
Bxe4 9.b3 d6 10.Bb2 Bf6 11.Nd2 Bb7 12.Bf3 Bxf3 13.Qxf3 Nd7 14.Ne4 Be7 15.
Rad1 Nf6 16.d5 Nxe4 17.Qxe4 e5 1/2-1/2

[Event "8th PKWN Festival it"]
[Site "Lublin POL"]
[Date "1972.07.10"]
[Round "5"]
[White "Peev, Peicho"]
[WhiteElo "2425"]
[Black "Alburt, Lev"]
[BlackElo "2450"]
[Result "1-0"]
[EventDate "1972.07.06"]
[PlyCount "91"]

1.d4 Nf6 2.c4 c5 3.d5 b5 4.a4 bxc4 5.Nc3 d6 6.e4 Ba6 7.f4 e6 8.Nf3 exd5 9.
e5 dxe5 10.fxe5 Ne4 11.Qxd5 Qxd5 12.Nxd5 Kd7 13.Bf4 Kc6 14.Rd1 Nd7 15.e6
fxe6 16.Nc7 e5 17.Nxa6 exf4 18.Bxc4 Ndf6 19.Ne5+ Kb7 20.Nf7 Rg8 21.Nd8+
Kb6 22.a5+ Kxa5 23.Bxg8 Nxg8 24.Nc7 Rc8 25.Nce6 Be7 26.O-O g5 27.Rd7 Kb4
28.Rc1 Nd6 29.Nf7 Nb5 30.Nfxg5 Bf6 31.Ne4 c4 32.Nxf6 Nxf6 33.Rf7 Nd5 34.
Nxf4 Nxf4 35.Rxf4 Kb3 36.g4 a5 37.g5 a4 38.h4 c3 39.bxc3 Nxc3 40.Kg2 a3
41.Rf7 Kb2 42.Rcf1 h6 43.g6 Rc4 44.g7 Rg4+ 45.Kh3 h5 46.R7f2+ 1-0

[Event "8th PKWN Festival it"]
[Site "Lublin POL"]
[Date "1972.07.11"]
[Round "6"]
[White "Liebert, Heinz"]
[WhiteElo "2400"]
[Black "Pytel, Krzysztof"]
[BlackElo "2380"]
[Result "1-0"]
[EventDate "1972.07.06"]
[PlyCount "169"]

1.Nf3 Nf6 2.g3 b5 3.Bg2 Bb7 4.O-O e6 5.b3 Be7 6.c4 bxc4 7.bxc4 c5 8.Nc3
O-O 9.Rb1 Qc8 10.d3 Nc6 11.Ne5 Rb8 12.Nxc6 Bxc6 13.Rxb8 Qxb8 14.Bxc6 dxc6
15.Bf4 e5 16.Bg5 Qb2 17.Qd2 Qxd2 18.Bxd2 Rb8 19.Rb1 Rxb1+ 20.Nxb1 Bd8 21.
Bg5 h6 22.Bxf6 Bxf6 23.Nd2 Bd8 24.Nb3 Bb6 25.Kg2 Kf8 26.g4 Ke7 27.e3 Ke6
28.Kg3 a6 29.h3 g6 30.Kf3 Kd6 31.Nd2 Ke6 32.Ne4 Ke7 33.h4 Ke6 34.Ng3 Bd8
35.h5 Be7 36.hxg6 fxg6 37.Ne4 Bf8 38.Nd2 Be7 39.Nb3 Bf8 40.Ke4 Kd6 41.Nd2
Bg7 42.Nf3 Bf6 43.Ng1 Ke6 44.Ne2 Be7 45.Ng1 Bf6 46.Nh3 Be7 47.f4 exf4 48.
exf4 Kd6 49.Ng1 Bf6 50.Nf3 Ke6 51.Ne1 Bc3 52.Ng2 Bf6 53.Kf3 Kd6 54.Ke4 Ke6
55.Ne3 Kd6 56.f5 g5 57.Nf1 Bd4 58.Nd2 Bf6 59.Nb3 Bd8 60.d4 cxd4 61.Kxd4
Bf6+ 62.Ke4 c5 63.Nd2 Bc3 64.Nf3 Bf6 65.Ne1 Bd4 66.Nc2 Bf6 67.Ne3 Bb2 68.
Nd5 Bd4 69.f6 Ke6 70.Nc7+ Kxf6 71.Nxa6 Kg6 72.Nb8 h5 73.Nc6 Bc3 74.a4 hxg4
75.a5 g3 76.Kf3 Bxa5 77.Nxa5 Kf5 78.Kxg3 Ke4 79.Nb7 Kd4 80.Nd6 Ke5 81.Nc8
Kd4 82.Nb6 Kc3 83.Kg4 Kb4 84.Kxg5 Ka5 85.Nd5 {4:35-3:00} 1-0

[Event "8th PKWN Festival it"]
[Site "Lublin POL"]
[Date "1972.07.11"]
[Round "6"]
[White "Ungureanu, Emil"]
[WhiteElo "2410"]
[Black "Peev, Peicho"]
[BlackElo "2425"]
[Result "0-1"]
[EventDate "1972.07.06"]
[PlyCount "90"]

1.d4 Nf6 2.c4 c5 3.d5 b5 4.cxb5 a6 5.bxa6 Bxa6 6.Nc3 d6 7.Nf3 g6 8.Nd2 Qa5
9.e3 Bxf1 10.Nxf1 Nbd7 11.Ng3 Bg7 12.O-O O-O 13.Bd2 Rfb8 14.b3 c4 15.bxc4
Qc7 16.Rb1 Qxc4 17.Qe2 Ne5 18.e4 Nd3 19.Rxb8+ Rxb8 20.Rb1 Rc8 21.Rb3 Nd7
22.Nf1 N7c5 23.Ne3 Qd4 24.Ra3 Qb4 25.Nc2 Qb2 26.Qd1 Nxf2 27.Qc1 Qxc1+ 28.
Bxc1 Nfxe4 29.Nxe4 Nxe4 30.Be3 f5 31.Nb4 f4 32.Bxf4 Bd4+ 33.Kf1 Bc3 34.Nd3
Nf6 35.Bg5 Nxd5 36.Ra7 Kf7 37.Nf4 Bd2 38.Nxd5 Bxg5 39.a4 Rc5 40.Nb6 Rc2
41.a5 Be3 42.Rb7 Rb2 43.Rb8 Bd4 44.Nd7 Rf2+ 45.Ke1 Ra2 0-1

[Event "8th PKWN Festival it"]
[Site "Lublin POL"]
[Date "1972.07.11"]
[Round "6"]
[White "Vogt, Lothar"]
[WhiteElo "2400"]
[Black "Gipslis, Aivars"]
[BlackElo "2560"]
[Result "1/2-1/2"]
[EventDate "1972.07.06"]
[PlyCount "36"]

1.e4 Nf6 2.e5 Nd5 3.d4 d6 4.Nf3 g6 5.c4 Nb6 6.exd6 cxd6 7.h3 Bg7 8.Nc3 O-O
9.Be3 Nc6 10.Rc1 d5 11.c5 Nc4 12.Bxc4 dxc4 13.O-O Bf5 14.b3 Bd3 15.Re1
Nxd4 16.Nxd4 Bxd4 17.bxc4 Bxe3 18.Rxe3 Bxc4 1/2-1/2

[Event "8th PKWN Festival it"]
[Site "Lublin POL"]
[Date "1972.07.12"]
[Round "7"]
[White "Bednarski, Jacek"]
[WhiteElo "2395"]
[Black "Mikenas, Vladas"]
[BlackElo "2410"]
[Result "1-0"]
[EventDate "1972.07.06"]
[PlyCount "43"]

1.e4 Nf6 2.e5 Nd5 3.d4 d6 4.Nf3 Bg4 5.Be2 e6 6.O-O Nc6 7.c4 Nb6 8.exd6
cxd6 9.Nc3 Be7 10.d5 exd5 11.Nxd5 Nxd5 12.Qxd5 O-O 13.Bf4 Qb6 14.b3 Rad8
15.Rad1 Nb4 16.Qe4 Be6 17.Ng5 Bxg5 18.Bxg5 Rd7 19.Be3 Qa5 20.Bd2 Qb6 21.
Qh4 d5 22.c5 1-0

[Event "8th PKWN Festival it"]
[Site "Lublin POL"]
[Date "1972.07.12"]
[Round "7"]
[White "Kluger, Gyula"]
[WhiteElo "2360"]
[Black "Liebert, Heinz"]
[BlackElo "2400"]
[Result "1/2-1/2"]
[EventDate "1972.07.06"]
[PlyCount "38"]

1.d4 Nf6 2.c4 e6 3.Nf3 Bb4+ 4.Bd2 Qe7 5.g3 b6 6.Bg2 Bb7 7.O-O Bxd2 8.Qxd2
O-O 9.Nc3 d6 10.d5 c5 11.e4 Nbd7 12.Rad1 e5 13.Nh4 g6 14.Bh3 Nh5 15.Qh6
Ndf6 16.Qg5 Nxd5 17.Qxe7 Nxe7 18.Rxd6 Nc6 19.Nf3 Kg7 {1:55-1:25} 1/2-1/2

[Event "8th PKWN Festival it"]
[Site "Lublin POL"]
[Date "1972.07.12"]
[Round "7"]
[White "Pytel, Krzysztof"]
[WhiteElo "2380"]
[Black "Vogt, Lothar"]
[BlackElo "2400"]
[Result "1/2-1/2"]
[EventDate "1972.07.06"]
[PlyCount "57"]

1.f4 d5 2.Nf3 g6 3.c3 Bg7 4.d3 Nc6 5.Qa4 Nf6 6.e4 dxe4 7.dxe4 O-O 8.e5 Nd5
9.Be2 Nb6 10.Qe4 Bf5 11.Qe3 f6 12.exf6 exf6 13.O-O Re8 14.Rd1 Qxd1+ 15.
Bxd1 Rxe3 16.Bxe3 Nc4 17.Bc1 Rd8 18.Be2 Bd3 19.Kf1 f5 20.Bxd3 Rxd3 21.Ke2
Rd8 22.Nbd2 Re8+ 23.Kd3 Ne3 24.g3 Ng4 25.Nb3 Nf2+ 26.Kc2 Re2+ 27.Bd2 Ne4
28.Rf1 Rg2 29.Kc1 1/2-1/2

[Event "8th PKWN Festival it"]
[Site "Lublin POL"]
[Date "1972.07.13"]
[Round "8"]
[White "Giorgadze, Tamaz"]
[WhiteElo "2420"]
[Black "Bednarski, Jacek"]
[BlackElo "2395"]
[Result "1-0"]
[EventDate "1972.07.06"]
[PlyCount "79"]

1.e4 e6 2.d4 d5 3.Nd2 Nf6 4.e5 Ne4 5.Nxe4 dxe4 6.Bc4 Nd7 7.Ne2 c5 8.c3 Qc7
9.Bf4 e3 10.f3 cxd4 11.Qxd4 b6 12.Bb5 Bc5 13.Qd1 Bb7 14.Qa4 O-O-O 15.O-O-O
Nxe5 16.Qxa7 f6 17.Ba6 Bxa6 18.Qa8+ Qb8 19.Qxa6+ Qb7 20.Qxb7+ Kxb7 21.Bxe5
fxe5 22.b4 Bd6 23.Ng3 e4 24.Nxe4 Be5 25.g3 Ra8 26.Kb2 Ra4 27.a3 Rha8 28.
Ra1 Rc8 29.Rhe1 Rd8 30.Rxe3 Bc7 31.Kb3 Raa8 32.Kc2 h5 33.Ng5 e5 34.h4 Rd7
35.Rd3 Re7 36.Kb3 Kc6 37.a4 Bd8 38.Rad1 Bc7 39.Rd7 Rxd7 40.b5+ 1-0

[Event "8th PKWN Festival it"]
[Site "Lublin POL"]
[Date "1972.07.13"]
[Round "8"]
[White "Liebert, Heinz"]
[WhiteElo "2400"]
[Black "Doda, Zbigniew"]
[BlackElo "2390"]
[Result "1/2-1/2"]
[EventDate "1972.07.06"]
[PlyCount "44"]

1.Nf3 Nf6 2.c4 c5 3.g3 g6 4.Bg2 Bg7 5.Nc3 Nc6 6.d4 cxd4 7.Nxd4 O-O 8.O-O
d6 9.Nc2 Be6 10.Nd5 Nd7 11.Rb1 a5 12.b3 Nc5 13.Bb2 Bf5 14.Bxg7 Kxg7 15.Rc1
Be4 16.Bxe4 Nxe4 17.Nd4 Re8 18.Nb5 Rc8 19.f3 Nf6 20.Nxf6 Kxf6 21.Kg2 Kg7
22.e4 Qb6 {1:36-1:46} 1/2-1/2

[Event "8th PKWN Festival it"]
[Site "Lublin POL"]
[Date "1972.07.13"]
[Round "8"]
[White "Vogt, Lothar"]
[WhiteElo "2400"]
[Black "Alburt, Lev"]
[BlackElo "2450"]
[Result "1/2-1/2"]
[EventDate "1972.07.06"]
[PlyCount "93"]

1.e4 Nf6 2.e5 Nd5 3.d4 d6 4.Nf3 Bg4 5.Be2 e6 6.O-O Be7 7.c4 Nb6 8.exd6
cxd6 9.h3 Bh5 10.Nbd2 O-O 11.b3 Nc6 12.Bb2 Bg6 13.a3 a5 14.Re1 Bf6 15.Nf1
a4 16.b4 d5 17.c5 Nc4 18.Bxc4 dxc4 19.Ne3 Bd3 20.Rc1 b5 21.cxb6 Qxb6 22.
Nxc4 Bxc4 23.Rxc4 Na5 24.bxa5 Qxb2 25.Qxa4 Qb7 26.Rec1 Bd8 27.Rc5 Qa6 28.
Ne5 Bxa5 29.Nc6 Bd8 30.Qxa6 Rxa6 31.Nxd8 Rxd8 32.Rc8 Rd6 33.Rxd8+ Rxd8 34.
a4 Kf8 35.Rc4 Rb8 36.a5 Rb1+ 37.Kh2 Ra1 38.Rc5 Ra2 39.Kg3 g6 40.Kf3 h5 41.
g4 Ra3+ 42.Kg2 hxg4 43.hxg4 Ra4 44.d5 Rxg4+ 45.Kf3 Ra4 46.dxe6 fxe6 47.
Rc8+ 1/2-1/2

[Event "8th PKWN Festival it"]
[Site "Lublin POL"]
[Date "1972.07.14"]
[Round "9"]
[White "Doda, Zbigniew"]
[WhiteElo "2390"]
[Black "Pytel, Krzysztof"]
[BlackElo "2380"]
[Result "1-0"]
[EventDate "1972.07.06"]
[PlyCount "57"]

1.Nf3 Nf6 2.c4 g6 3.b4 Bg7 4.Bb2 O-O 5.g3 c6 6.Na3 d6 7.Bg2 e5 8.O-O Nbd7
9.Rb1 Qe7 10.b5 c5 11.d3 Nh5 12.e4 f5 13.exf5 gxf5 14.Re1 Ndf6 15.d4 cxd4
16.Nxd4 Qf7 17.Nf3 Ne4 18.c5 Nxc5 19.Qxd6 Ne4 20.Qb4 a5 21.bxa6 Rxa6 22.
Nxe5 Bxe5 23.Bxe5 Qxa2 24.Bb2 Qf7 25.Bf1 Rg6 26.Qd4 Ng7 27.Nc4 Qf6 28.Qxf6
Nxf6 29.Ne5 1-0

[Event "8th PKWN Festival it"]
[Site "Lublin POL"]
[Date "1972.07.14"]
[Round "9"]
[White "Kluger, Gyula"]
[WhiteElo "2360"]
[Black "Vogt, Lothar"]
[BlackElo "2400"]
[Result "1/2-1/2"]
[EventDate "1972.07.06"]
[PlyCount "82"]

1.d4 g6 2.e4 Bg7 3.Nc3 c6 4.h4 d5 5.exd5 cxd5 6.h5 Nc6 7.Be3 Nh6 8.Bb5 Nf5
9.Qd2 Nxe3 10.Qxe3 Bg4 11.f3 Be6 12.Nge2 Qb6 13.hxg6 hxg6 14.Rxh8+ Bxh8
15.O-O-O O-O-O 16.Bxc6 Qxc6 17.Nf4 Bf6 18.Nxe6 Qxe6 19.Qd3 Qc6 20.f4 Qc4
21.Qe3 e6 22.b3 Qb4 23.Kb2 Rh8 24.Nb1 Rh2 25.Qg1 Rh4 26.g3 Rh8 27.c3 Qf8
28.Nd2 Qh6 29.Nf3 g5 30.fxg5 Bxg5 31.Re1 Be7 32.Qf2 Qf6 33.Qe2 Qg6 34.Qf2
Qf5 35.Qg2 Qh3 36.Qf2 Bd6 37.Rg1 Qf5 38.Qe2 Rg8 39.Ne5 Bxe5 40.dxe5 Qg4
41.Qf2 Qf5 1/2-1/2